| 000 | 00627nac a22001571u 4500 | ||
|---|---|---|---|
| 008 | 080825s1996 le||||| |||| 00| 0 ara d | ||
| 082 |
_a103 _bب د و |
||
| 245 |
_aملحق موسوعة الفلسفة/ _cتأليف عبد الرحمن بدوى |
||
| 260 |
_aعمان : _bالمؤسسة العربية للدراسات والنشر،1996. _c1996. |
||
| 300 |
_a376 ص ؛ _c24 سم |
||
| 504 | _aيحتوى على إرجاعات ببليوجرافية | ||
| 511 | _aCatalogued by: Sara | ||
| 541 |
_aالف باء ؛ _cشراء ؛ |
||
| 650 |
_aالفلسفة _916425 _vدوائر معارف |
||
| 942 |
_cBB _k103ب د و _2ddc |
||
| 999 |
_c7675 _d7675 |
||